| 000 | 00471ntaaa2200193 4500 | ||
|---|---|---|---|
| 003 | 01 | ||
| 005 | 20251027201901.0 | ||
| 008 | 0714s1973 ag 01 | ||
| 040 |
_aAR-BaBN _bspa _cAR-BaBN _eaacr _dRIC |
||
| 082 | _a231.0000 Au3d | ||
| 100 | _aAuer, Johann | ||
| 245 | _aDios, uno y trio | ||
| 250 | _a1 ed. | ||
| 260 |
_aBarcelona : _bHerder, _c1982 |
||
| 300 |
_a621 p. ; _c22 cm. |
||
| 650 | _aTrinidad-TeologĂa | ||
| 700 |
_aRatzinger, Joseph _914615 |
||
| 942 | _cBK | ||
| 999 |
_c13540 _d13540 |
||